000
00256nam a2200097Ia 4500
001
1064862
005
20250827001723.0
008
250824s9999 xx 000 0 und d
245
0
_a
4. MURAT KANLI TAHT
_c
AHMET HALDUN TERZİOĞLU
260
_b
PANAMA YAYINLARI
999
_c
1064862
_d
1064862